WRC2 : Tous les Vainqueurs de Rallye - Statistiques

Statistiques générales
  • Ce quiz a été pris 16 fois
  • Le résultat moyen est 16 sur 47
Statistiques - réponses
Nationalité Pilote Nombre de Victoire Année Dernière Victoire % Correct
France Léo Rossel 1 2026
94%
France Yohan Rossel 9 2026
94%
Suède Oliver Solberg 10 2025
88%
Bulgarie Nikolay Gryazin 4 2024
69%
Finlande Kalle Rovanpera 8 2019
63%
Norvège Andreas Mikkelsen 12 2023
56%
Royaume-Uni Gus Greensmith 7 2025
56%
Nouvelle-Zélande Hayden Paddon 1 2022
56%
Tchèque Jan Kopecky 9 2019
56%
Finlande Sami Pajari 4 2024
56%
Royaume-Uni Elfyn Evans 4 2016
50%
Luxembourg Grégoire Munster 1 2022
50%
Qatar Nasser Al-Attiyah 7 2015
50%
Estonie Ott Tanak 1 2014
50%
Espagne Alejandro Cachon 1 2025
44%
Estonie Robert Virves 2 2026
44%
Finlande Teemu Suninen 7 2022
44%
Finlande Esapekka Lappi 9 2021
38%
Norvège Mads Ostberg 7 2021
38%
Pologne Robert Kubica 5 2013
38%
Italie Roberto Dapra 1 2025
38%
Japon Takamoto Katsuta 1 2019
38%
Pologne Kaketan Kajetanowicz 2 2023
31%
France Nicolas Ciamin 1 2023
31%
Mexique Benito Guerra 1 2019
25%
France Eric Camili 2 2021
25%
Suède Pontus Tidemand 14 2020
25%
Finlande Roope Korhonen 2 2026
25%
France Stéphane Lefebvre 2 2022
25%
Chili Alberto Heller 1 2018
19%
Norvège Cristian Ole Veiby 2 2019
19%
Finlande Emil Lindholm 2 2022
19%
Finlande Jari Huttunen 4 2021
19%
Arabie Saoudite Yazeed Al-Rajhi 1 2013
19%
Ukraine Yuri Protasov 3 2015
19%
Qatar Abdulaziz Al-Kuwari 4 2015
13%
Italie Fabio Andolfi 1 2019
13%
Tchèque Jan Cerny 1 2025
13%
Espagne Jan Solans 1 2024
13%
Italie Lorenzo Bertelli 1 2014
13%
Finlande Erik Pietarinen 1 2018
6%
Finlande Jari Ketomaa 3 2015
6%
France Julien Maurin 1 2015
6%
Estonie Karl Kruuda 2 2014
6%
Pérou Nicolas Fuchs 1 2016
6%
France Quentin Gilbert 1 2014
6%
Allemagne Sepp Wiegand 1 2013
6%
Aucun quiz correspondant
Distribution des résultats
% des personnes avec chaque résultat
Percentile par nombre de réponses
Votre historique - résultats
Vous n’avez pas pris ce quiz